00410nam a2200181Ia 4500003000400000005001700004008004100021020001500062040000700077041000800084082001500092100001900107245002700126260003600153300001200189365000800201650001900209OSt20230429112857.0210423s2002 xx 000 0 und d a1840463722 cAL aeng a638.2 WALJ aWALLER (John). aDiscovery of the germ. aUKbRevolution in Sciencec2002 a197bPB cINR aInsect Culture